000 00913nas a2200277 4500
001 BR2013002731
003 BR-BrBNA
005 20231205122159.0
007 ta
008 230509b bl.|||p| |||| 00| 00por d
040 _aBR-BrBNA
_bpor
_cBiblioteca Nacional de Agricultura
041 _a(Pt)
072 _aL53; M40
100 1 _aBruno, M.A.
100 1 _aMuelbert, J.H.
245 1 _aDistribuição espacial e variações temporais da abundância de ovos e larvas de micropogonias furnieri, no estuário da lagoa dos Pattos: registros históricos e forçantes ambientais
650 _aPEIXE
650 _aDESOVA
650 _aLARVA
650 _aESTUÁRIO
650 _aMÉTODO ESTATÍSTICO
650 _aVARIAÇÃO SAZONAL
773 0 _tAtlântica (Brazil)
_xISSN 0102-1656
_g(Jan-Jun 2009), v. 31(1) p. 51-68
_wBR2013002731
909 _a202311
_bLúcia
_c55
_dLúcia Elande
942 _2AGRIS
_n0
_cANA
999 _c227319
_d227319